000
00252nam a2200097Ia 4500
001
682827
005
20250826161426.0
008
250824s9999 xx 000 0 und d
245
0
_a
ÇİÇEKLER SUSAYINCA
_c
AHMED GÜNBAY YILDIZ
260
_b
TİMAŞ YAYINLARI
999
_c
682827
_d
682827